000 00364nam a2200121Ia 4500
008 190722s9999 xx 000 0 und d
020 _a978-93-325-1853-7
100 _aTheodore Wildi
245 0 _aElectrical Machines, Drives and Power Systems
260 _aNew Delhi
_bPearson (Indian Ed.) Pvt. Ltd. Dorling Kindersley Pvt. Ltd.
_c2015
300 _a922
942 _cBK
999 _c249
_d249